|
|
|
|
| LEADER |
01294nam a2200265 a 4500 |
| 001 |
c000136105 |
| 003 |
CARM |
| 005 |
00000000000000.0 |
| 008 |
s1965 inu 00000 eng d |
| 019 |
1 |
|
|a 148836
|z 40696760
|z 51839501
|z 58018260
|5 LACONCORD2021
|
| 035 |
|
|
|a (OCoLC)13870188
|5 LACONCORD2021
|
| 040 |
|
|
|a WaOE
|
| 110 |
2 |
0 |
|a Indiana University.
|b Linguistics Research Project.
|
| 245 |
1 |
0 |
|a More classes of verbs in English /
|c Loraine I. Bridgeman ... [et al.] ; edited by Loraine I. Bridgeman.
|
| 260 |
|
|
|a [Bloomington] :
|b [s.n.],
|c 1965.
|
| 300 |
|
|
|a iii, 71 [i.e. 85] p. ;
|c 28 cm.
|
| 500 |
|
|
|a At head of title: Linguistics Research Project, Indiana University. Principal investigator: F. W. Householder, Jr.
|
| 500 |
|
|
|a A continuation of Some classes of verbs in English.
|
| 500 |
|
|
|a "This research was supported by the Indiana University Foundation."
|
| 650 |
|
0 |
|a English language
|x Verb
|x Tables.
|
| 700 |
1 |
|
|a Bridgeman, Loraine I.
|
| 710 |
2 |
1 |
|a Indiana University.
|b Linguistics Research Project.
|t Some classes of verbs in English.
|
| 852 |
8 |
|
|b CARM
|h A2:AB11D1
|i D00334
|p 0028809
|f BK
|
| 999 |
f |
f |
|i 584a0c24-e366-5463-8251-97ae2cb8af92
|s 3599535c-a1c0-54b4-b182-5ef04a9aa38b
|
| 952 |
f |
f |
|p Can circulate
|a CAVAL
|b CAVAL
|c CAVAL
|d CARM 1 Store
|e D00334
|f A2:AB11D1
|h Other scheme
|i book
|m 0028809
|